000 00379 a2200169 4500
001 186006
020 _a978-85-294-0371-1
040 _cMagnum
100 _aCastro, Nelson Henrique Carvalho de
240 1 0 _aAntes e depois de Darwin
_lpor
245 1 0 _aAntes e depois de Darwin
300 _a64
362 0 _a2009
440 1 _aHarbra
697 _aBIOLOGIA
942 _cBK
999 _c186006
_d186006